[Event "FIDE Open 2012"]
[Site "Voronezh (Russia)"]
[Date "2012.06.12"]
[Round "1.1"]
[White "Manukovsky, Vladimir"]
[Black "Alieva, Alexandra"]
[Result "1-0"]
[WhiteElo "2238"]
[BlackElo "1970"]
[Annotator ""]
[Source ""]
[Remark ""]

1.e4 e5 2.Nc3 Nf6 3.g3 Bc5 4.Bg2 d6 5.Na4 Bd4 6.c3 Bxf2+ 7.Kxf2
b5 8.d3 bxa4 9.Qxa4+ Bd7 10.Qc2 Nc6 11.Nf3 Ng4+ 12.Ke2 O-O 13.h3
Nf6 14.g4 d5 15.Bg5 dxe4 16.dxe4 h6 17.Bh4 g5 18.Nxg5 Nxe4 19.Qxe4
hxg5 20.Bg3 Rb8 21.b3 f5 22.Qd5+ Rf7 23.Rad1 Qe8 24.gxf5 Rd8
25.Qd2 Nd4+ 26.Ke1 Nxf5 27.Bd5 1-0

[Event "FIDE Open 2012"]
[Site "Voronezh (Russia)"]
[Date "2012.06.12"]
[Round "1.2"]
[White "Gerasko, Viacheslav"]
[Black "Kiselev, Alexander S."]
[Result "0-1"]
[WhiteElo "1964"]
[BlackElo "2236"]
[Annotator ""]
[Source ""]
[Remark ""]

1.d4 Nf6 2.Nf3 d5 3.e3 c6 4.c4 e6 5.Bd3 Nbd7 6.O-O Bd6 7.Nc3
O-O 8.e4 dxe4 9.Nxe4 Nxe4 10.Bxe4 Nf6 11.Bd3 b6 12.Qc2 c5 13.Be3
Qc7 14.Bg5 Bb7 15.d5 exd5 16.Bxf6 gxf6 17.Bxh7+ Kg7 18.Bf5 Rh8
19.g3 Rae8 20.Rfe1 d4 21.Be4 Rxe4 22.Rxe4 f5 23.Ree1 Bxf3 24.Qxf5
Qb7 25.Qg5+ Kf8 26.Qf6 Rh5 27.Re6 Be7 28.Rxe7 Qxe7 29.Qxe7+ Kxe7 0-1

[Event "FIDE Open 2012"]
[Site "Voronezh (Russia)"]
[Date "2012.06.12"]
[Round "1.3"]
[White "Natacheev, Peter"]
[Black "Abramova, Yulia"]
[Result "1/2-1/2"]
[WhiteElo "2230"]
[BlackElo "1949"]
[Annotator ""]
[Source ""]
[Remark ""]

1.e4 c5 2.f4 e6 3.Nf3 d5 4.e5 Nc6 5.Be2 Nge7 6.O-O Nf5 7.d3 b6
8.c3 d4 9.Ng5 Bb7 10.Ne4 h5 11.Bf3 Qd7 12.Bxh5 O-O-O 13.Bf3 Be7
14.Na3 dxc3 15.bxc3 Qxd3 16.Nd6+ Rxd6 17.exd6 Qxc3 18.d7+ Kd8
19.Rb1 Ne3 20.Qd2 Qxd2 21.Bxd2 Nxf1 22.Rxf1 Bf6 23.Be3 Kxd7 24.Rd1+
Kc8 25.Nb5 Be7 26.Nxa7+ Kc7 27.Nb5+ Kc8 28.Na7+ Kc7 29.Nb5+ Kc8
30.Nd6+ Bxd6 31.Rxd6 Kc7 32.Rd2 Rd8 33.Rxd8 Nxd8 34.Be2 Bd5 35.a3
Nb7 36.g4 Nd6 37.h4 Kc6 38.Bc1 f5 39.g5 c4 40.h5 c3 41.h6 gxh6
42.gxh6 Nf7 43.h7 Bb3 44.Kf2 Kd5 45.Bh5 Nh8 46.Ke3 Bc2 47.Bf3+
Kc4 48.Bc6 Kc5 49.Bb7 Kc4 50.Bc8 Kd5 51.Bb7+ Kc5 52.Ba6 Kd5 53.Bd3
Bd1 54.Be2 Bc2 55.Kf2 e5 56.Be3 exf4 57.Bxb6 Be4 58.Ba5 c2 59.Bd2
Ke5 60.Bc3+ Ke6 1/2-1/2

[Event "FIDE Open 2012"]
[Site "Voronezh (Russia)"]
[Date "2012.06.12"]
[Round "1.4"]
[White "Cho, Seongho"]
[Black "Kubatko, Ivan"]
[Result "1/2-1/2"]
[WhiteElo "1948"]
[BlackElo "2229"]
[Annotator ""]
[Source ""]
[Remark ""]

1.d4 d5 2.Nf3 c5 3.dxc5 e6 4.c4 Bxc5 5.Nc3 Nf6 6.e3 Nc6 7.Be2
O-O 8.O-O a6 9.cxd5 exd5 10.Nd4 Ba7 11.a3 Qe7 12.b4 Qe5 13.Nxc6
bxc6 14.Bb2 Bb8 15.g3 Bh3 16.Na4 Qg5 17.Re1 Ne4 18.Qd4 Bxg3 19.hxg3
Nxg3 20.Qxg7+ Qxg7 21.Bxg7 Nxe2+ 22.Rxe2 Kxg7 23.Rc2 Bf5 24.Rc5
Kh8 25.Nb6 Rg8+ 26.Kh2 Rae8 27.Rg1 Rxg1 28.Kxg1 Rg8+ 29.Kf1 Rg6
30.Ke2 h5 31.Nc4 Bg4+ 32.f3 dxc4 33.fxg4 hxg4 34.Rxc4 g3 35.Kf1
Kg7 36.e4 g2+ 37.Kg1 Kh6 38.Rc5 Kg7 39.Rc2 Kf6 40.Rxc6+ Ke5 41.Rxg6
fxg6 42.Kxg2 Kxe4 43.a4 Kd5 44.b5 1/2-1/2

[Event "FIDE Open 2012"]
[Site "Voronezh (Russia)"]
[Date "2012.06.12"]
[Round "1.5"]
[White "Khoroshilov, Nikita"]
[Black "Mokshin, Maksim"]
[Result "1-0"]
[WhiteElo "2223"]
[BlackElo "1948"]
[Annotator ""]
[Source ""]
[Remark ""]

1.Nf3 c5 2.d3 g6 3.g3 Bg7 4.Bg2 Nc6 5.O-O e6 6.e4 d6 7.c3 Nge7
8.Re1 e5 9.a3 O-O 10.b4 a6 11.Nbd2 cxb4 12.axb4 Bg4 13.h3 Bxf3
14.Nxf3 d5 15.Qb3 dxe4 16.dxe4 Qc7 17.Be3 Nd8 18.Bf1 Rc8 19.Ra3
Ne6 20.Nd2 Rfe8 21.Nc4 Bf8 22.Rd1 Nc6 23.Qa2 Qb8 24.Nb6 Rcd8
25.Nd7 Qc8 26.Nf6+ Kh8 27.Rb1 Re7 28.Bb6 Rd6 29.b5 Nb8 30.Nd5
Re8 31.bxa6 Nxa6 32.Bb5 Ng5 33.h4 Nxe4 34.Bxe8 Qxe8 35.Ra4 f5
36.Ra5 Qf7 37.c4 Rc6 38.Rc1 Bb4 39.Rb5 Bd6 40.Qe2 Nac5 41.Bxc5
Bxc5 42.Rf1 Kg8 43.Kg2 Nd6 44.Rxc5 Rxc5 45.Qxe5 Rxc4 46.Qxd6
b5 47.Re1 1-0

[Event "FIDE Open 2012"]
[Site "Voronezh (Russia)"]
[Date "2012.06.12"]
[Round "1.6"]
[White "Pilchuk, Mikhail"]
[Black "Skomorohov, Grigorij"]
[Result "0-1"]
[WhiteElo "1927"]
[BlackElo "2217"]
[Annotator ""]
[Source ""]
[Remark ""]

1.e4 c5 2.Nf3 Nc6 3.d4 cxd4 4.Nxd4 Nf6 5.Nc3 e5 6.Ndb5 d6 7.a4
a6 8.Na3 Be6 9.Bg5 Be7 10.Qd2 O-O 11.h3 Rc8 12.Bc4 Nd4 13.Bd3
Qd7 14.Ne2 Qxa4 15.b3 Qc6 16.Nxd4 exd4 17.O-O b5 18.Rfe1 Qb6
19.Qe2 Rce8 20.Qf3 Nd7 21.Bxe7 Rxe7 22.Qg3 f6 23.f4 Nc5 24.Rad1
Bf7 25.e5 dxe5 26.fxe5 Nxd3 27.exf6 Rxe1+ 28.Rxe1 Qxf6 29.Qxd3
Bg6 30.Qd2 Qf4 31.Qxf4 Rxf4 32.Re6 Rf6 33.Re7 b4 34.Nc4 Bxc2
35.Nd2 d3 0-1

[Event "FIDE Open 2012"]
[Site "Voronezh (Russia)"]
[Date "2012.06.12"]
[Round "1.7"]
[White "Kalinin, Nikita"]
[Black "Dyakonova, Ekaterina"]
[Result "1-0"]
[WhiteElo "2199"]
[BlackElo "1919"]
[Annotator ""]
[Source ""]
[Remark ""]

1.e4 e5 2.Nf3 Nc6 3.d4 exd4 4.Nxd4 Bc5 5.Be3 Qf6 6.c3 Nge7 7.Bc4
O-O 8.O-O a6 9.Kh1 d6 10.Nxc6 Nxc6 11.Bxc5 dxc5 12.f4 Be6 13.Be2
b5 14.Qc2 Rfd8 15.Nd2 Na7 16.Nb3 c4 17.Nd4 c5 18.e5 Qh6 19.Nxe6
Qxe6 20.Bf3 Rab8 21.Rae1 b4 22.f5 b3 23.Qe4 Qe7 24.Qxc4 bxa2
25.Qxa2 Rb6 26.Bd5 Rdb8 27.f6 gxf6 28.Qc4 Nc6 29.exf6 Qf8 30.Re3
Rd8 31.Rg3+ 1-0

[Event "FIDE Open 2012"]
[Site "Voronezh (Russia)"]
[Date "2012.06.12"]
[Round "1.8"]
[White "Stepanischev, Anton"]
[Black "Baemov, Ilnur"]
[Result "1-0"]
[WhiteElo "1913"]
[BlackElo "2197"]
[Annotator ""]
[Source ""]
[Remark ""]

1.e4 c6 2.d4 d5 3.e5 Bf5 4.Nf3 e6 5.Be2 Ne7 6.O-O Bg6 7.b3 Nf5
8.a3 a5 9.c4 Be7 10.Nc3 O-O 11.Bf4 Nh4 12.Nxh4 Bxh4 13.Bd3 dxc4
14.Bxg6 fxg6 15.Be3 cxb3 16.Qxb3 b5 17.Qxe6+ Kh8 18.Ne4 Be7 19.Rfc1
Ra6 20.Nc5 Ra7 21.Qb3 Bxc5 22.Rxc5 Rd7 23.Rac1 a4 24.Qe6 Re8
25.Qg4 Qe7 26.f4 Qf7 27.Qf3 Qe6 28.Qe4 Kg8 29.h3 Rf8 30.g4 Qe7
31.d5 cxd5 32.Rxd5 Qxa3 33.Rxb5 Rd3 34.Qc4+ Kh8 35.Bf2 h5 36.gxh5
gxh5 37.e6 Rf3 38.Rxh5+ 1-0

[Event "FIDE Open 2012"]
[Site "Voronezh (Russia)"]
[Date "2012.06.12"]
[Round "1.9"]
[White "Kiselev, Maxim"]
[Black "Korobitsyn, Daniil"]
[Result "1-0"]
[WhiteElo "2187"]
[BlackElo "1905"]
[Annotator ""]
[Source ""]
[Remark ""]

1.d4 c6 2.c4 d5 3.Nf3 Nf6 4.Nc3 e6 5.e3 Nbd7 6.Qc2 b6 7.Bd3 dxc4
8.Bxc4 Bb7 9.e4 Be7 10.O-O O-O 11.h3 Qc7 12.e5 Nd5 13.Bd3 h6
14.Nxd5 exd5 15.Bf4 Rfe8 16.Qd2 Qd8 17.Bxh6 gxh6 18.Qxh6 Nf8
19.e6 fxe6 20.Ne5 Bf6 21.Bh7+ Kh8 22.Nf7# 1-0

[Event "FIDE Open 2012"]
[Site "Voronezh (Russia)"]
[Date "2012.06.12"]
[Round "1.10"]
[White "Krekoten, Vladimir"]
[Black "Talipov, Nafis"]
[Result "0-1"]
[WhiteElo "1904"]
[BlackElo "2160"]
[Annotator ""]
[Source ""]
[Remark ""]

1.d4 d6 2.h3 Nd7 3.Bf4 e5 4.Bh2 Ngf6 5.e3 c6 6.c3 Be7 7.g4 O-O
8.Nd2 b5 9.Bd3 Bb7 10.f3 Nd5 11.Qe2 Bh4+ 12.Kd1 Qg5 13.e4 Nf4
14.Bxf4 Qxf4 15.Kc2 Nb6 16.Nf1 exd4 17.cxd4 c5 18.Qe3 Qxe3 19.Nxe3
cxd4 20.Nf5 Bg5 21.Nxd6 Ba6 22.Ne2 Rfd8 23.f4 Bxf4 24.Nxf7 Rdc8+
25.Kb3 Be3 26.Nd6 Rc6 27.Nf5 Re8 28.Rhf1 Nd7 29.Bb1 Nc5+ 30.Ka3
b4+ 31.Kxb4 Bxe2 32.Nxe3 Rb8+ 0-1

[Event "FIDE Open 2012"]
[Site "Voronezh (Russia)"]
[Date "2012.06.12"]
[Round "1.11"]
[White "Torshin, Anton"]
[Black "Gunchenko, Vadim"]
[Result "1-0"]
[WhiteElo "2135"]
[BlackElo "1893"]
[Annotator ""]
[Source ""]
[Remark ""]

1.e4 c5 2.Nf3 Nc6 3.d4 cxd4 4.Nxd4 e5 5.Nb5 a6 6.Nd6+ Bxd6 7.Qxd6
Qf6 8.Qxf6 Nxf6 9.Nc3 d5 10.exd5 Nb4 11.Bd3 Nxd3+ 12.cxd3 Bf5
13.O-O O-O 14.Re1 Rfe8 15.Bg5 Bxd3 16.Rad1 Bf5 17.d6 Rad8 18.Nd5
Kf8 19.Nc7 h6 20.Bxf6 gxf6 21.Nxe8 Rxe8 22.Re3 1-0

[Event "FIDE Open 2012"]
[Site "Voronezh (Russia)"]
[Date "2012.06.12"]
[Round "1.12"]
[White "Zhileykin, Andrey"]
[Black "Egorenkov, Igor"]
[Result "0-1"]
[WhiteElo "1889"]
[BlackElo "2133"]
[Annotator ""]
[Source ""]
[Remark ""]

1.d4 Nf6 2.c4 d6 3.Nc3 Nbd7 4.Bg5 e5 5.e3 Be7 6.Nf3 c6 7.Be2
O-O 8.O-O Qc7 9.d5 a5 10.e4 h6 11.Bh4 Nc5 12.Qc2 g5 13.Bg3 Nh7
14.Nd2 f5 15.f3 f4 16.Bf2 Nd7 17.dxc6 bxc6 18.c5 Nxc5 19.Bxc5
dxc5 20.Na4 Nf6 21.Kh1 g4 22.Nxc5 Kh7 23.Rac1 g3 24.h3 Rg8 25.Bc4
Bxh3 26.Bxg8+ Rxg8 27.Nd3 Rg5 28.Rfd1 Rh5 29.gxh3 Qd7 30.Nf2
gxf2 31.Kg2 Rg5+ 32.Kxf2 Qd4+ 33.Ke1 Qe3+ 34.Kf1 Rg1# 0-1

[Event "FIDE Open 2012"]
[Site "Voronezh (Russia)"]
[Date "2012.06.12"]
[Round "1.13"]
[White "Makarkin, Zhan"]
[Black "Estrada, Victor"]
[Result "1-0"]
[WhiteElo "2126"]
[BlackElo "1861"]
[Annotator ""]
[Source ""]
[Remark ""]

1.e4 e5 2.Nf3 Nc6 3.Bb5 a6 4.Ba4 Nf6 5.O-O Bc5 6.Nxe5 Nxe5 7.d4
Bxd4 8.Qxd4 Nc6 9.Qd1 d6 10.Nc3 b5 11.Bb3 Na5 12.Bg5 Nxb3 13.axb3
h6 14.Bxf6 Qxf6 15.Qd5 Rb8 16.Qc6+ Bd7 17.Qxc7 Rc8 18.Qb7 Be6
19.Rxa6 O-O 20.Qxb5 Rfd8 21.Rd1 Rc5 22.Qb4 Rg5 23.Rd2 Qf4 24.Raxd6
Rc8 25.Qa3 Qg4 26.g3 Qh5 1-0

[Event "FIDE Open 2012"]
[Site "Voronezh (Russia)"]
[Date "2012.06.12"]
[Round "1.15"]
[White "Bezgodova, Svetlana"]
[Black "Voischeva, Zinaida"]
[Result "1-0"]
[WhiteElo "2120"]
[BlackElo "1835"]
[Annotator ""]
[Source ""]
[Remark ""]

1.Nf3 d5 2.g3 Bf5 3.Bg2 Nf6 4.O-O e6 5.d3 h6 6.Nbd2 Be7 7.b3
Nbd7 8.Bb2 O-O 9.c4 c6 10.a3 Bh7 11.Rc1 a5 12.Rc2 Qb6 13.Qa1
Rfc8 14.Rfc1 Bf8 15.Bh3 Re8 16.c5 Qc7 17.Ne5 Nxe5 18.Bxe5 Qd8
19.f4 Nd7 20.Bd4 f6 21.Nf3 Qe7 22.Qb2 Qf7 23.b4 Qh5 24.Bg2 e5
25.fxe5 fxe5 26.g4 Qxg4 27.Nxe5 Nxe5 28.Bxe5 axb4 29.axb4 Qg5
30.Bd4 Bf5 31.Kh1 Re6 32.Rg1 Qh4 33.Rcc1 Bg4 34.e4 dxe4 35.dxe4
Rae8 36.Qb3 Kh8 37.Rcf1 Qh5 38.Rf4 Rg6 39.Rgf1 Be7 40.Qf7 Rg5
41.Qb3 Be2 42.R1f2 Rd8 43.Qb2 Bc4 44.Rd2 Be6 45.Bxg7+ Rxg7 46.Rxd8+
Bxd8 47.Rf8+ Kh7 48.Rxd8 Qh4 49.Rd1 Bh3 50.Bxh3 Qxh3 51.Qf2 Qe6
52.Qf5+ Qxf5 53.exf5 Rf7 54.Kg2 Kg7 55.Rf1 Kf6 56.Kg3 Rd7 57.Rf4
Rd2 58.Rh4 Kxf5 59.Rxh6 Rb2 60.Rh5+ Kg6 61.Rh4 Rb3+ 62.Kg2 Rb2+
63.Kf3 Rb3+ 64.Ke2 Kg5 65.Rd4 Rb2+ 66.Kd3 Rxh2 67.Rd7 Rh3+ 68.Kc4
Rh4+ 69.Kb3 Rh3+ 70.Ka4 Kf5 71.Rxb7 Ke5 72.Rd7 Rh6 73.Ka5 Rg6
74.Rd1 Rh6 75.Kb6 Rf6 76.Kc7 Rf7+ 77.Kxc6 1-0

[Event "FIDE Open 2012"]
[Site "Voronezh (Russia)"]
[Date "2012.06.12"]
[Round "1.16"]
[White "Tjurin, Viktor"]
[Black "Magrifin, Iljanor"]
[Result "0-1"]
[WhiteElo "1827"]
[BlackElo "2115"]
[Annotator ""]
[Source ""]
[Remark ""]

1.e4 c5 2.Nf3 Nc6 3.Bb5 g6 4.O-O Bg7 5.c3 e5 6.d3 a6 7.Bxc6 dxc6
8.Be3 Qe7 9.Nbd2 Nf6 10.Nc4 Nd7 11.a4 O-O 12.Qd2 Rd8 13.Rfd1
b6 14.Bh6 Bh8 15.h4 a5 16.h5 Ba6 17.b3 Rab8 18.Qc2 f6 19.d4 Bxc4
20.bxc4 g5 21.d5 Rbc8 22.Qe2 cxd5 23.cxd5 Qf7 24.Nh2 c4 25.Nf1
Nc5 26.Qxc4 Qxh5 27.d6+ Qf7 28.Qe2 Nb3 29.Rab1 Rxc3 30.Qb5 Nd4
31.Rxd4 exd4 32.Qxb6 Qd7 33.Qxd4 Qc6 34.Ne3 Rxd6 35.Rb8+ Kf7
36.Qa7+ Rd7 37.Qxa5 Rc1+ 38.Nf1 Rxf1+ 39.Kxf1 Rd1+ 40.Ke2 Qc2+
41.Kf3 Qd3+ 42.Kg4 Qxe4+ 43.Kg3 Qf4+ 44.Kh3 Rh1# 0-1

[Event "FIDE Open 2012"]
[Site "Voronezh (Russia)"]
[Date "2012.06.12"]
[Round "1.17"]
[White "Aminov, Andrey"]
[Black "Malikov, Sergey"]
[Result "1-0"]
[WhiteElo "2112"]
[BlackElo "1826"]
[Annotator ""]
[Source ""]
[Remark ""]

1.e4 e5 2.Nf3 Nf6 3.Nc3 d6 4.d4 exd4 5.Nxd4 Be7 6.Bf4 O-O 7.Qd2
a6 8.f3 Bd7 9.O-O-O Nc6 10.Nxc6 Bxc6 11.Bc4 Nd7 12.Bd5 Ne5 13.Bxe5
dxe5 14.Bxc6 Bg5 15.f4 Bxf4 16.Qxf4 Qxd1+ 17.Rxd1 exf4 18.Bxb7 1-0

[Event "FIDE Open 2012"]
[Site "Voronezh (Russia)"]
[Date "2012.06.12"]
[Round "1.18"]
[White "Aleksandrov, Grigoriy"]
[Black "Volkov, Sergei"]
[Result "0-1"]
[WhiteElo "1819"]
[BlackElo "2107"]
[Annotator ""]
[Source ""]
[Remark ""]

1.e4 c5 2.Nf3 d6 3.d4 cxd4 4.Nxd4 Nf6 5.Nc3 a6 6.Bd3 e5 7.Nb3
Be7 8.O-O O-O 9.f3 b5 10.Bg5 Nbd7 11.Kh1 Bb7 12.Qe2 Rc8 13.Nd1
h6 14.Bh4 Nb6 15.Ne3 g6 16.Bf2 Re8 17.c4 bxc4 18.Nxc4 Nxc4 19.Bxc4
a5 20.Bb5 Rf8 21.Rac1 Rxc1 22.Rxc1 Nh5 23.Qe1 a4 24.Bxa4 Nf4
25.Qd1 Qa8 26.Bb5 Qxa2 27.Rc7 Qxb2 28.Rxb7 Qxf2 29.Qf1 Qxf1+
30.Bxf1 Bf6 31.Bc4 Ne6 32.Bd5 Rc8 33.h3 Kf8 34.Na5 Rc1+ 35.Kh2
h5 36.Rb8+ Kg7 37.Rb7 Nd8 38.Rd7 0-1

[Event "FIDE Open 2012"]
[Site "Voronezh (Russia)"]
[Date "2012.06.12"]
[Round "1.19"]
[White "Popov, Andrey"]
[Black "Klimentov, Evgeny"]
[Result "1/2-1/2"]
[WhiteElo "2094"]
[BlackElo "1818"]
[Annotator ""]
[Source ""]
[Remark ""]

1.e4 c5 2.Nf3 d6 3.d4 cxd4 4.Nxd4 Nf6 5.Nc3 g6 6.Be3 Bg7 7.f3
Nc6 8.Qd2 O-O 9.g4 Bd7 10.O-O-O Nxd4 11.Bxd4 Qa5 12.h4 b5 13.g5
Nh5 14.Bxg7 Kxg7 15.Kb1 Rfc8 16.Qd4+ Kg8 17.Nd5 Qd8 18.Rg1 Be6
19.Bxb5 Rab8 20.Bd3 Bxd5 21.exd5 Qa5 22.Rg4 Rc5 23.c4 Rb6 24.Re4
Rc7 25.Rde1 Rbb7 26.Rd1 Rb6 27.Re2 Rbb7 28.b3 1/2-1/2

[Event "FIDE Open 2012"]
[Site "Voronezh (Russia)"]
[Date "2012.06.12"]
[Round "1.20"]
[White "Shcherbakov, Nikolay"]
[Black "Kalinin, Ivan"]
[Result "0-1"]
[WhiteElo "1802"]
[BlackElo "2088"]
[Annotator ""]
[Source ""]
[Remark ""]

1.e4 e6 2.d4 d5 3.Nc3 Nf6 4.e5 Nfd7 5.f4 c5 6.Nf3 Nc6 7.a3 a6
8.g3 cxd4 9.Nxd4 Nxd4 10.Qxd4 Bc5 11.Qd3 O-O 12.Bd2 b5 13.Qf3
Nb6 14.b3 Bb7 15.Bd3 Nd7 16.a4 b4 17.Nd1 Qc7 18.Nf2 Bxf2+ 19.Qxf2
d4 20.Rg1 Nc5 21.Qe2 a5 22.Bc4 Rfe8 23.g4 Be4 24.Rg3 Bxc2 25.f5
exf5 26.gxf5 Bxf5 27.Rc1 Red8 28.Bf4 Qe7 29.Bxf7+ Kxf7 30.Qc4+
Ne6 31.Rd1 Qd7 32.Rd2 Rac8 33.Qb5 Qxb5 34.axb5 Nxf4 0-1

[Event "FIDE Open 2012"]
[Site "Voronezh (Russia)"]
[Date "2012.06.12"]
[Round "1.21"]
[White "Pavlov, Nikolay"]
[Black "Sedykh, Egor"]
[Result "1/2-1/2"]
[WhiteElo "2087"]
[BlackElo "1793"]
[Annotator ""]
[Source ""]
[Remark ""]

1.Nf3 Nf6 2.c4 g6 3.Nc3 Bg7 4.e4 d6 5.d4 O-O 6.Be2 e5 7.O-O Nc6
8.d5 Ne7 9.b4 a5 10.Ba3 Nd7 11.bxa5 Rxa5 12.Bb4 Ra8 13.a4 f5
14.Ng5 Nf6 15.c5 h6 16.cxd6 cxd6 17.Ne6 Qb6 18.Rb1 Bxe6 19.dxe6
Rfd8 20.a5 Qd4 21.Nb5 Qxe4 22.Nxd6 Qd5 23.Qxd5 Nfxd5 24.Nxb7
Rdb8 25.a6 Nc6 26.Bd2 e4 27.Bc4 Nce7 28.Rfd1 Rc8 29.Rbc1 Bb2
30.Rc2 Rxa6 31.Rxb2 Rxc4 32.Bxh6 Rxe6 33.Rbd2 Rb6 34.h4 Rxb7
35.Rxd5 Nxd5 36.Rxd5 Kh7 37.Bg5 Kg7 38.Rd2 Rf7 39.Bf4 Re7 40.Bg5
Rb7 41.Bf4 Rc5 42.Bg5 Kf7 43.Bf4 Rc6 44.Bg5 Rcc7 45.Kh2 Ke6 46.Bf4
Re7 47.Bg5 1/2-1/2

[Event "FIDE Open 2012"]
[Site "Voronezh (Russia)"]
[Date "2012.06.12"]
[Round "1.23"]
[White "Kasantsev, Anatolij B."]
[Black "Kozlov, Sergej A."]
[Result "0-1"]
[WhiteElo "2080"]
[BlackElo "1784"]
[Annotator ""]
[Source ""]
[Remark ""]

1.d4 d5 2.c4 e6 3.Nc3 Nf6 4.cxd5 exd5 5.Bg5 c6 6.e3 Bd6 7.Bd3
O-O 8.Qc2 h6 9.Bh4 Nbd7 10.Nge2 Re8 11.h3 Qc7 12.g4 a6 13.O-O-O
b5 14.Rdg1 Bb7 15.g5 hxg5 16.Bxg5 c5 17.Bh6 Bf8 18.Rg2 Kh8 19.Bf4
Qa5 20.Kb1 b4 21.Nd1 c4 22.Bf5 Ne4 23.Bxd7 b3 24.axb3 Nd2+ 25.Qxd2
Qxd2 26.Ndc3 Qd3+ 27.Ka1 Red8 28.Ba4 a5 29.Rg5 cxb3 30.Bxb3 a4
31.Ba2 a3 32.Bb1 axb2+ 33.Kxb2 Qd2+ 34.Bc2 Rdb8 35.Rh5+ Kg8 36.Bxb8
Rxb8 37.Rc1 g6 38.Rg5 Ba6+ 0-1

[Event "FIDE Open 2012"]
[Site "Voronezh (Russia)"]
[Date "2012.06.12"]
[Round "1.24"]
[White "Belov, Yury"]
[Black "Matveenko, Yury"]
[Result "1-0"]
[WhiteElo "1783"]
[BlackElo "2077"]
[Annotator ""]
[Source ""]
[Remark ""]

1.d4 d6 2.e4 Nf6 3.Bd3 e5 4.Ne2 Bg4 5.f3 Bh5 6.Ng3 Bg6 7.dxe5
dxe5 8.Bb5+ Nbd7 9.Bg5 c6 10.Bc4 Bc5 11.c3 Qb6 12.Qb3 Qc7 13.h4
b5 14.Bd3 Qb6 15.Qc2 h5 16.Nf5 O-O 17.b4 Bg1 18.Ne7+ Kh7 19.Qe2
c5 20.Rxg1 c4 21.Be3 cxd3 22.Qxd3 Qb7 23.Nxg6 fxg6 24.a4 a6 25.a5
Rad8 26.Qe2 Qc6 27.Qa2 Nxe4 28.fxe4 Qxe4 29.Qe2 Qxh4+ 30.g3 Qh3
31.Nd2 Nf6 32.Nf3 Qf5 33.Rf1 Qc8 34.Bc5 Rfe8 35.Ng5+ Kg8 36.Qa2+
Nd5 37.Nf7 1-0

[Event "FIDE Open 2012"]
[Site "Voronezh (Russia)"]
[Date "2012.06.12"]
[Round "1.25"]
[White "Zhukov, Viktor"]
[Black "Voronin, Maxim"]
[Result "1-0"]
[WhiteElo "2077"]
[BlackElo "1772"]
[Annotator ""]
[Source ""]
[Remark ""]

1.e4 b6 2.d4 e6 3.Nf3 Bb7 4.Nbd2 c5 5.c3 cxd4 6.cxd4 Nf6 7.Bd3
Nc6 8.a3 Be7 9.O-O h6 10.b4 O-O 11.Re1 d6 12.Bb2 Nh7 13.Qe2 Bf6
14.e5 dxe5 15.dxe5 Be7 16.Ne4 Kh8 17.Rac1 Ng5 18.Nexg5 Bxg5 19.Qe4
g6 20.Nxg5 Qxg5 21.f4 Qh4 22.g3 Qd8 23.Qe3 Ne7 24.Rcd1 Qe8 25.g4
Nd5 26.Qh3 Kg7 27.Bc1 Nc3 28.f5 Rh8 29.Rd2 h5 30.f6+ Kg8 31.g5
Rd8 32.Bc2 1-0

[Event "FIDE Open 2012"]
[Site "Voronezh (Russia)"]
[Date "2012.06.12"]
[Round "1.26"]
[White "Gagarin, Artem"]
[Black "Bargandzhiya, Zaza"]
[Result "1-0"]
[WhiteElo "1767"]
[BlackElo "2070"]
[Annotator ""]
[Source ""]
[Remark ""]

1.e4 c5 2.Nc3 Nc6 3.g3 g6 4.Bg2 Bg7 5.Nge2 d6 6.O-O e6 7.d3 Nge7
8.Be3 O-O 9.d4 b6 10.f4 Rb8 11.Rb1 a5 12.dxc5 bxc5 13.e5 dxe5
14.Bxc5 Re8 15.Bd6 Qb6+ 16.Kh1 Rd8 17.Na4 Qa6 18.Nc5 Qb6 19.c4
exf4 20.Na4 Qa6 21.c5 fxg3 22.Nxg3 Rb4 23.Qf3 f5 24.Nb6 Nd4 25.Qe3
Nec6 26.Bc7 Rf8 27.Bd6 Rd8 28.Bc7 Rf8 29.Bd6 Rf7 30.b3 Bb7 31.a3
Rb5 32.Rfd1 e5 33.Qc3 e4 34.Bf1 e3 35.Qxe3 Ne5+ 36.Kg1 Ndf3+
37.Kh1 Nd4+ 38.Kg1 Ndf3+ 39.Kh1 Nd4+ 40.Kg1 Nef3+ 41.Kf2 Bc6
42.Bc4 Qb7 43.Ne2 Nxe2 44.Kxe2 Bf6 45.Nd5 f4 46.Nxf6+ Kg7 47.Ne8+
Bxe8 48.Qxf3 Bc6 49.Qc3+ Rf6 50.Bf8+ 1-0

[Event "FIDE Open 2012"]
[Site "Voronezh (Russia)"]
[Date "2012.06.12"]
[Round "1.27"]
[White "Grishchenko, Vladimir"]
[Black "Parshin, Vitaly"]
[Result "1-0"]
[WhiteElo "2069"]
[BlackElo "1765"]
[Annotator ""]
[Source ""]
[Remark ""]

1.e4 c5 2.d3 g6 3.g3 Bg7 4.Bg2 Nc6 5.Nd2 d6 6.Ngf3 Nf6 7.O-O
O-O 8.Re1 Nd7 9.a4 Rb8 10.c3 a6 11.Nf1 Qb6 12.Ne3 e6 13.Nc4 Qc7
14.a5 b5 15.axb6 Nxb6 16.Nxb6 Qxb6 17.Nd2 Na5 18.Nc4 Nxc4 19.dxc4
Rd8 20.h4 a5 21.h5 Ba6 22.hxg6 hxg6 23.Bf1 Bb7 24.Qa4 Ra8 25.Bg5
Bc6 26.Bxd8 Rxd8 27.Qxa5 1-0

[Event "FIDE Open 2012"]
[Site "Voronezh (Russia)"]
[Date "2012.06.12"]
[Round "1.28"]
[White "Shabunin, Danil"]
[Black "Khazieva, Elza"]
[Result "0-1"]
[WhiteElo "1722"]
[BlackElo "2068"]
[Annotator ""]
[Source ""]
[Remark ""]

1.e4 c5 2.Nf3 d6 3.d4 cxd4 4.Nxd4 Nf6 5.Nc3 a6 6.f3 e5 7.Nf5
Bxf5 8.exf5 Nc6 9.Be3 d5 10.Bg5 Bb4 11.Bxf6 Qxf6 12.Qxd5 Rd8
13.Qc4 Rd4 14.Qe2 Qxf5 15.Rd1 O-O 16.g4 Qg5 17.Bg2 Rxd1+ 18.Qxd1
Rd8 19.Qe2 Qc1+ 20.Kf2 Bc5+ 21.Kg3 Qf4+ 22.Kh3 Rd6 23.Bf1 Rd2
24.Qe4 Qh6+ 25.Kg3 Bf2+ 26.Kg2 Bd4+ 27.Kg3 Bf2+ 28.Kg2 Qe3 29.Bd3
Bg1+ 30.Kh3 Qh6+ 0-1

[Event "FIDE Open 2012"]
[Site "Voronezh (Russia)"]
[Date "2012.06.12"]
[Round "1.29"]
[White "Kozhevnikov, Ivan"]
[Black "Mikhailov, Artem"]
[Result "1-0"]
[WhiteElo "2068"]
[BlackElo "1720"]
[Annotator ""]
[Source ""]
[Remark ""]

1.e4 e5 2.Nf3 Nc6 3.Bb5 f5 4.d3 fxe4 5.dxe4 d6 6.O-O Be7 7.Nc3
Nf6 8.Qd3 Bd7 9.Bxc6 Bxc6 10.Rd1 h6 11.Qc4 Qc8 12.h3 Bd7 13.Nb5
Bxb5 14.Qxb5+ c6 15.Qc4 d5 16.exd5 e4 17.d6 exf3 18.dxe7 Nd5
19.Qe4 Nxe7 20.Re1 Qc7 21.Bf4 Qd7 22.Rad1 1-0

[Event "FIDE Open 2012"]
[Site "Voronezh (Russia)"]
[Date "2012.06.12"]
[Round "1.30"]
[White "Sychev, Victor"]
[Black "Alkaev, Roman"]
[Result "0-1"]
[WhiteElo "1708"]
[BlackElo "2066"]
[Annotator ""]
[Source ""]
[Remark ""]

1.e4 e5 2.Nf3 Nc6 3.Bc4 Nf6 4.Nc3 Nxe4 5.Bxf7+ Kxf7 6.Nxe4 d5
7.Ng3 Bd6 8.d4 e4 9.Ne5+ Bxe5 10.dxe5 Rf8 11.O-O Kg8 12.f4 exf3
13.Rxf3 Rxf3 14.Qxf3 Nxe5 15.Qc3 d4 16.Qc5 Nc6 17.Bg5 Qe8 18.Rf1
b6 19.Qd5+ Be6 20.Qe4 Bc4 21.Re1 Qxe4 22.Nxe4 Nb4 23.c3 Nd3 24.Rd1
Re8 25.Nd2 Nxb2 26.Rc1 dxc3 27.Nxc4 Nxc4 28.Rxc3 b5 29.Kf2 h6
30.Bf4 Rd8 31.Rg3 Kh7 32.a4 c6 33.h4 Rd4 34.Bb8 bxa4 35.Bxa7
Rxh4 0-1

[Event "FIDE Open 2012"]
[Site "Voronezh (Russia)"]
[Date "2012.06.12"]
[Round "1.31"]
[White "Katkov, Vitaly"]
[Black "Soloviova, Adelia"]
[Result "1-0"]
[WhiteElo "2066"]
[BlackElo "1704"]
[Annotator ""]
[Source ""]
[Remark ""]

1.Nf3 e6 2.c4 b6 3.g3 Bb7 4.Bg2 f5 5.O-O Nf6 6.b3 Be7 7.Bb2 O-O
8.d3 d6 9.Nbd2 e5 10.e3 Nc6 11.Nh4 Qd7 12.Qe2 Rae8 13.b4 Nd8
14.f4 Bxg2 15.Nxg2 e4 16.dxe4 Nxe4 17.Nxe4 fxe4 18.Qc2 Bf6 19.Rad1
Nc6 20.a3 Qe6 21.Rf2 a5 22.Bxf6 Qxf6 23.c5 dxc5 24.bxc5 Qe6 25.cxb6
cxb6 26.f5 Qf6 27.Nf4 Nd8 28.Nd5 Qc6 29.Qb3 Kh8 30.Qxb6 Qxb6
31.Nxb6 Nc6 32.Nc4 Re7 33.Rd5 Ref7 34.Rc5 Ne7 35.g4 g6 36.Nd6
Rf6 37.Nxe4 R6f7 38.f6 Ng8 39.g5 h6 40.h4 hxg5 41.hxg5 Ra7 42.Rh2+
Rh7 43.Rxh7+ Kxh7 44.Rc2 Nxf6 45.gxf6 Kg8 46.Kf2 Kh8 47.Rc5 a4
48.Ra5 Kg8 49.Rxa4 1-0

[Event "FIDE Open 2012"]
[Site "Voronezh (Russia)"]
[Date "2012.06.12"]
[Round "1.32"]
[White "Shuvalova, Polina"]
[Black "Gataullin, Artur"]
[Result "0-1"]
[WhiteElo "1702"]
[BlackElo "2064"]
[Annotator ""]
[Source ""]
[Remark ""]

1.e4 e5 2.Nf3 Nc6 3.Nc3 Nf6 4.Bb5 Nd4 5.Nxd4 exd4 6.e5 dxc3 7.exf6
cxd2+ 8.Bxd2 Qxf6 9.O-O Be7 10.Re1 O-O 11.Bc3 Qg5 12.Re5 Qf6
13.Re4 Qd6 14.Bd3 Bf6 15.Bb4 c5 16.Rc4 Bd4 17.Bxc5 Bxc5 18.Qh5
Bxf2+ 19.Kxf2 g6 20.Qf3 Qb6+ 21.Qe3 Qxb2 22.Rf1 d5 23.Rd4 Be6
24.Kg3 Qb6 25.Rf6 Qd6+ 26.Kf2 Kg7 27.Qg5 h6 28.Qh4 Qe5 29.Rdf4
Qg5 0-1

[Event "FIDE Open 2012"]
[Site "Voronezh (Russia)"]
[Date "2012.06.12"]
[Round "1.33"]
[White "Kostitsina, Liubov"]
[Black "Moiseenko, Andrey"]
[Result "1-0"]
[WhiteElo "2053"]
[BlackElo "1696"]
[Annotator ""]
[Source ""]
[Remark ""]

1.e4 d6 2.d4 Nf6 3.Nc3 g6 4.Bg5 Bg7 5.f4 c6 6.Qd2 b5 7.Bd3 a6
8.Nf3 Bg4 9.O-O Qb6 10.Ne2 Nbd7 11.Kh1 O-O 12.f5 Rae8 13.c3 c5
14.Qf4 Bxf3 15.gxf3 c4 16.Bc2 e6 17.Ng3 exf5 18.exf5 Nd5 19.Qd2
Bf6 20.Bh6 Bg7 21.Nh5 Bh8 22.Bxf8 Rxf8 23.Rae1 Qd8 24.Ng3 N7f6
25.Ne4 Nb6 26.Rg1 d5 27.Ng5 Bg7 28.Qg2 Nbd7 29.Qh3 Nh5 30.Nxh7
Nf4 31.Qg4 Kxh7 32.Qxf4 Bh6 33.fxg6+ fxg6 34.Bxg6+ Kg7 35.Bf5+ 1-0